000 00920nam a2200217 a 4500
001 3836
003 a
005 20250410132948.0
008 040107s19uu xx 00 eng d
020 _a1-902947-33-9
082 _aM 551
_bRi544 2009
100 _aRide, Sally & O'Shaughnessy, Tam/
245 _aMission Planet Earth/
_cSally Ride & Tam O'Shaughnessy
260 _bRoaring Brook Press
_c2009
_aNew York
300 _a61 p. ; cm.
500 _a"First published in 2004 by Miles Kelly Publishing Ltd., Bardfield Centre, Great Bardfield, Essex"--T.p. verso.
520 _aThe jewel planet -- Spinning glove -- Warm and cold -- Eath story -- Moving continents -- Rocks and minerals -- Mountain high -- Fiery mountains -- Shaky ground -- Water on the land -- Rivers of ice -- Ocean deep -- Swirling air -- Stormy weather.
650 _aPlanets
_xJuvenile literature.
942 _2ddc
_cBK
999 _c112428
_d112428